| 000 | 00000nam 2200000zi 4500 |
| 001 | 9.899028 |
| 003 | CaOODSP |
| 005 | 20240719143330 |
| 006 | m o d f |
| 007 | cr |n||||||||| |
| 008 | 210422e19890414onc|||| o f00| 0|eng d |
| 040 | |aCaOODSP|beng|erda|cCaOODSP |
| 043 | |an-cn--- |
| 086 | 1 |aCo22-476/1989E-PDF |
| 245 | 00|aReport on the survey of Communications Canada employees / |cprepared by TEEGA Research Consultants Inc. |
| 264 | 1|aOttawa : |bProgram Evaluation Division, Communications Canada, |cApril 14, 1989. |
| 300 | |a1 online resource (1 volume (various pagings)) |
| 336 | |atext|btxt|2rdacontent |
| 337 | |acomputer|bc|2rdamedia |
| 338 | |aonline resource|bcr|2rdacarrier |
| 500 | |aDigitized edition from print [produced by Innovation, Science and Economic Development Canada]. |
| 610 | 10|aCanada. |bCommunications Canada. |
| 650 | 0|aCivil service|zCanada|xPersonnel management|xPublic opinion. |
| 650 | 0|aEmployee attitude surveys|zCanada. |
| 650 | 0|aPublic opinion|zCanada. |
| 650 | 0|aCivil service|zCanada|xAttitudes. |
| 650 | 6|aFonction publique|zCanada|xPersonnel|xDirection|xOpinion publique. |
| 650 | 6|aPersonnel|xAttitudes|xEnquêtes|zCanada. |
| 650 | 6|aOpinion publique|zCanada. |
| 650 | 6|aFonction publique|zCanada|xAttitudes. |
| 710 | 1 |aCanada. |bDepartment of Communications, |eissuing body. |
| 710 | 2 |aTEEGA Research Consultants, |econsultant. |
| 856 | 40|qPDF|s664 KB|uhttps://publications.gc.ca/collections/collection_2024/isde-ised/co22/Co22-476-1989-eng.pdf |